| 000 | 00814nam a2200253 a 4500 | ||
|---|---|---|---|
| 001 | 000018873 | ||
| 003 | DO-SdBNP | ||
| 005 | 20240712094717.0 | ||
| 007 | 000018873 | ||
| 008 | 100520s1975 dr 000 1 spa d | ||
| 040 |
_aBPMSU _bspa _cBPMSU |
||
| 082 | 4 |
_aR920.72 _bO48c 1975 _222 |
|
| 100 | 1 | _aOlivier, Maritza | |
| 245 | 1 | 0 |
_aCinco siglos con la mujer dominicana / _cMaritza Olivier, prólogo Colombina de Castellanos. |
| 260 |
_aSanto Domingo : _bAmigo del Hogar _c1975. |
||
| 300 |
_a150 p. ; _c22 cm. |
||
| 500 | _aIncluye datos biográficos de la autora en la contracubierta | ||
| 590 | _aInventariado, 2018/VM | ||
| 650 | 4 |
_aMujeres _zRepública Dominicana _xBiografías |
|
| 650 | 4 | _a | |
| 700 | 1 |
_aCastellanos, Colombina _eprólogo |
|
| 910 | _aVMateo V. Control de calidad. BPMSU | ||
| 942 |
_2ddc _cBK |
||
| 999 |
_c8218 _d8218 |
||